Football footballeur champion du monde 1998 par image - Statistiques

Statistiques générales
  • Ce quiz a été pris 75 fois
  • Le résultat moyen est 14 sur 16
Statistiques - réponses
Par images Réponse % Correct
Zidane
100%
Deschamps
99%
Henry
97%
Petit
94%
Barthez
93%
Leboeuf
93%
Lizarazu
91%
Thuram
91%
Blanc
90%
Desailly
86%
Trezeguet
84%
Vieira
84%
Djorkaeff
81%
Pires
77%
Lama
61%
Diomede
41%
Aucun quiz correspondant
Distribution des résultats
% des personnes avec chaque résultat
Percentile par nombre de réponses
Votre historique - résultats
Vous n’avez pas pris ce quiz